| 000 | 00654nam a2200229Ia 4500 | ||
|---|---|---|---|
| 999 |
_c51281 _d51281 |
||
| 001 | 18245 | ||
| 003 | GE_BSU | ||
| 005 | 20221111120823.0 | ||
| 008 | 181216s2014||||xx |||||||||||||| ||eng|| | ||
| 020 | _a9780815342137x | ||
| 040 | _cGE_BSU | ||
| 041 | _aeng | ||
| 080 | _a612.67+577 M-45 | ||
| 100 |
_aMcDonald, Roger B. _910348 |
||
| 245 |
_aBiology of aging / _cRoger B. McDonald. |
||
| 264 |
_aNew York : _bGarland science, _c2014. |
||
| 300 |
_a368 pages : _b illustrations (chiefly color) ; _c28 cm. |
||
| 653 | _aბიოლოგია | ||
| 653 | _aმედიცინა | ||
| 653 | _aფსიქოლოგია | ||
| 942 |
_cBK _2udc |
||